000 01288cad a22002175a 4500
001 E146814
008 090302s2009 xxkad f s 000 0 eng d
035 _a(Sirsi) u146814
041 0 _aeng
100 1 _aHall, Beverley
245 0 4 _aStart the revolution
_h[electronic resource]
260 _c2009
490 _aRICS Residential Property Journal
_vMarch-April 2009, 4-7(4)
520 _aSuggests that affordable housing offers those who might not be able to afford a house on the open market a chance to get on the housing ladder. However a number of problems with the current system are identified, including the need for effective marketing; the complexity of buying a shared ownership home; and the lack of flexibility by lenders. Argues that overcoming these problems could mean that low-cost home ownership could play an important part in rebuilding confidence in the UK housing market.
520 _aArticle is member-only content and members must be registered with www.rics.org to access it.
590 _aKA
651 4 _aUnited Kingdom
_y
690 _aPROPERTY-RESIDENTIAL PROPERTY-DOMESTIC RESIDENTIAL PROPERTY-HOUSING
856 4 0 _uhttps://www.rics.org/RICSWEB/getpage.aspx?p=xB1RQM0JTE2YC8SxEVVdpw
_zView the article free of charge at www.rics.org...
942 _n0
999 _c81297
_d81297